Zgadnij państwo po jednym zdjęciu (geoguessr) - Statystyki

Ogólne statystyki
  • Ten quiz został rozwiązany 21 razy
  • Średni wynik to 18 z 30
Statystyki odpowiedzi
Obrazkowy Odpowiedź % Poprawnych
Stany Zjednoczone
100%
Wielka Brytania
93%
Czechy
87%
Polska
87%
Ukraina
87%
Indie
80%
Peru
80%
Rosja
80%
Wietnam
80%
Grecja (Kreta)
73%
Indonezja/Papua-Nowa Gwinea
73%
Oman
73%
Republika Południowej Afryki
73%
Japonia
67%
Włochy
67%
Australia
60%
Sri Lanka
60%
Szwajcaria
60%
Andora
53%
Chile
53%
Kambodża
47%
Panama
47%
Węgry
47%
Dominika
40%
Litwa
40%
Watykan
40%
Arabia Saudyjska
33%
Brunei
20%
Samoa
13%
Gambia
0%
Nie znaleziono quizów pasujących do podanych kryteriów
Rozkład punktacji
Procent ludzi z każdym wynikiem
Percentyl według liczby udzielonych odpowiedzi
Twoja historia wyników
Nie rozwiązałeś tego quizu